000 00663nam a22001817a 4500
003 BD-DhUL
005 20161010165504.0
008 161010s1978 bg |||| |||| 000 0 eng d
040 _aBD-DhUL
_cBD-DhUL
082 _a297.36
_bABD
100 1 _aআজাদ আবুল কালাম
245 _aদুই ঈদ :
_bঈদুল ফিতর ও ঈদুল আযহা /
_cআবুল কালাম আজাদ
260 _aঢাকা :
_bইসলামিক ফাউন্ডেশন;
_c১৯৭৮.
300 _a৫৬ পৃ. :
_c২৩ সেমি.
650 _aঈদুল ফিতর
650 _aEid-ul-Fitr
942 _2ddc
_cBK
999 _c108237
_d108237